Celoživotné vzdelávanie
Gespeichert in:
| 1. Verfasser: | |
|---|---|
| Format: | Buchkapitel |
| Sprache: | Slowakisch |
| Schlagworte: | |
| Tags: |
Keine Tags, Fügen Sie das erste Tag hinzu!
|
MARC
| LEADER | 00000naa$a2200000$$$4500 | ||
|---|---|---|---|
| 001 | 0306591 | ||
| 005 | 20250128102908.9 | ||
| 041 | 0 | |a slo | |
| 044 | |a SK | ||
| 245 | 1 | 0 | |a Celoživotné vzdelávanie |c Oľga Nachtmannová |
| 500 | |a Abstrakt | ||
| 610 | 2 | 0 | |a vzdelávanie celoživotné |
| 610 | 2 | 0 | |a efektívnosť |
| 610 | 2 | 0 | |a sily pracovné |
| 610 | 2 | 0 | |a konkurencieschopnosť |
| 100 | 1 | |a Nachtmannová, Oľga, 1963- | |